000 00978nam a2200253 a 4500
001 BRCA_4468
005 20190320204700.0
008 080910s1908----enka######---#000-0#eng-#
041 _aeng
044 _aenk
050 4 _aDP17.V4
_b.C35 9 1908
100 1 _aCalvert, Albert F.
_d1872-1946
_911325
245 1 0 _aVelazquez
_bAn account of his life and works
_cby Albert F. Calvert and C. Gasquoine Hartley.
260 _aLondres ; Nueva York
_bJohn Lane, The Bodley Head
_c1908
300 _axviii, 218 p. (v.9)
_bil., 136 láminas
_c20 cm.
440 0 _aThe spanish series
_v9
_911326
500 _aIncluye índice de ilustraciones y una lista de pinturas de Velazquez con indicación de las obras originales de donde fueron encontradas
500 _aCon ex-libris de: Setterfield
500 _aCEO17
600 1 4 _aVelazquez, Diego Rodríguez de Silva y
_d1599-1660
_xPintores españoles
_911327
700 1 _aHartley, Gasquoine C.
_911328
902 _aGFM
942 _2lcc
_cB
999 _c4174
_d4174